000 00464cam a2200181ua 4500
001 3818
008 111222n ii |||gr||||Z||||||asm
040 _cMAIN
082 _a780
100 _aBorkotoky, Biren,
245 1 1 _aAsomiya giti sahitya
_cby Biren Borkotoky
250 _a1st.
260 _aDibrugarh:
_bAssamese deptt. Dibrugarh University,999.
300 _a65p:
_c23cm.
653 _aAssamese literature
653 _aAsomiya giti sahitya
942 _cBK
999 _c3642
_d3642